| 000 | 01222nam0a22003131 4500 | ||
|---|---|---|---|
| 001 | rc\2271543 | ||
| 005 | 20260407113659.0 | ||
| 035 | _a(NLR Aleph) 006552466 | ||
| 090 |
_a6755429 _c6755429 |
||
| 100 | _a20110829d1977 u y0rusy50 ca | ||
| 101 | 0 | _arus | |
| 102 | _aRU | ||
| 105 | _aa z ||||| | ||
| 200 | 1 |
_aРуководство по канатной технологии добычи блоков и эксплуатации канатных пил _fСост. Р.В. Акопян, В.А. Баграмян _gНауч.-исслед. ин-т камня и силикатов |
|
| 210 |
_aЕреван _cБ. и. _d1977 |
||
| 215 |
_a44 с. _cил. _d20 |
||
| 606 |
_aМраморные месторождения _xСистемы разработки _2psbo |
||
| 606 |
_aПилы канатные _2psbo |
||
| 686 |
_aИ342.1,0 _2rubbk |
||
| 702 | 1 |
_aБаграмян _bВ.А. _4220 |
|
| 702 | 1 |
_aАкопян _bР.В. _4220 |
|
| 712 | 0 | 2 |
_aНИИ камня и силикатов _cЕреван _3RU\NLR\AUTH\8810065710 _9633016 |
| 801 | 0 |
_aRU _bNLR _gpsbo |
|
| 801 | 1 |
_aRU _bELAR _2rusmarc |
|
| 852 |
_aNLR _j77-4/18898 |
||
| 899 |
_aRuMoRGB _jБ 77-55/396 |
||
| 899 |
_aRuMoRGB _jБ 77-55/397 |
||
| 942 | _cBOOK | ||
| 980 | _aNB | ||